| 000 | 00384nam a22001457a 4500 | ||
|---|---|---|---|
| 082 |
_a604.2 _bREE |
||
| 100 |
_aR. Fraser Reekie _942746 |
||
| 245 | _aDraughtsmanship | ||
| 260 |
_aLondon _bEdward Arnold & Co _c1946 |
||
| 300 |
_avii, 193. p _bill. _c19cm |
||
| 526 |
_a0 _b0 _c0 _d604_200000000000000_REE |
||
| 650 |
_aDraughtsmanship _942747 |
||
| 650 |
_aMCE _9379 |
||
| 942 |
_2ddc _cBK |
||
| 999 |
_c546594 _d546594 |
||